000 00649nam a2200205Ia 4500
001 7975
003 GE_BSU
008 181216s||||||||xx |||||||||||||| ||und||
040 _cGE_BSU
245 _aГеоморфология.№3. 2013
245 _cГл.ред.В.П.Чичагов и др.
260 _aМосква.
260 _bНаука.
260 _c2013.Июль-Сентябр.
300 _a96ст,22см.
520 _aЖурнал издается под руководством Отделения наук о земле РАН.
653 _aГеоморфология.
653 _aპერიოდიკა
942 _cCR
999 _c41318
_d41318